Una lección para todos / (Registro nro. 14520)

Detalles MARC
000 -LIDER
fixed length control field 01582nam a22003137a 4500
003 - IDENTIFICACDOR DE NÚMERO DE CONTROL
control field DO-SdBNP
005 - DATE AND TIME OF LATEST TRANSACTION
control field 20231221082346.0
008 - ELEMENTOS DE LONGITUD FIJA
fixed length control field 210426b 2018 dr 00| 0 spa d
020 ## - ISBN
International Standard Book Number 9789945176087
040 ## - FUENTE DE CATALOGACIÓN
Agencia que crea de manera original el registro BPMSU
Idioma de catalogación spa
Agencia que realiza la transcripción BPMSU
082 #4 - NÚMERO DE CLASIFICACIÓN DECIMAL DE DEWEY
Classification number RD863.5
Item number S237u 2018
Edition number 22
092 ## - LOCALLY ASSIGNED DEWEY DECIMAL CALL NUMBER
Número de clasificación
100 1# - ASIENTO PRINCIPAL -- NOMBRE PERSONAL
Nombre personal Santos, Dulce Elvira de los
Fechas asociadas con el nombre 1964-
245 10 - MENCIÓN DE TITULO
Título Una lección para todos /
Mención de responsabilidad Dulce Elvira de los Santos ; ilustración: Yatxel Sánchez ; investigación: Laura V. Sánchez-Vincitore ; coordinación pedagógica: Cledenin Veras /
260 ## - PUBLICACIÓN, DISTRIBUCIÓN, ETC. (PIE DE IMPRENTA)
Lugar de publicación, distribución, etc Santo Domingo:
Nombre del editor, distribuidor, etc. Agencia de los Estados Unidos para el Desarrollo Internacional (USAID) ;
-- Universidad Iberoamericana (UNIBE),
Fecha de publicación, distribución, etc 2018
300 ## - DESCRIPCIÓN FÍSICA
Extensión 39 p. :
Otros detalles físicos ils. ;
Dimensiones 21 cm.
490 0# - MENCIÓN DE SERIES
Mención de serie La liga de la esperanza,
Volume/sequential designation 4
500 ## - NOTA GENERAL
Materiales especificados
505 0# - NOTA DE CONTENIDO
Texto normalizado de contenido Tipología textual -- Naracciones literarias
520 ## - RESUMEN, ETC.
Nota de resumen, etc. Wilkin ha tenido un sueño maravilloso y quiere contárselo a sus amigos de la Liga. Cuando intenta hacerlo, no le sale. Belkys, Yoel y Ashly llevan a Wilkin a casa de don Julian, el cuentista de Villa Esperanza. Con su ayuda, Wilkin transforma su sueño en un cuento maravilloso, en el que Wilkin es el caballero, Belkys la doncella y un chupacabras anda suelto.
590 ## - NOTA LOCAL
Texto de la nota local Inventariado, 2023/VM
650 #4 - ENCABEZAMIENTO DE MATERIA--TEMÁTICO
Término temático o nombre geográfico como elemento de entrada Cuentos infantil dominicanos
650 #4 - ENCABEZAMIENTO DE MATERIA--TEMÁTICO
Término temático o nombre geográfico como elemento de entrada Literatura infantil dominicana
700 1# - ASIENTO SECUNDARIO -- NOMBRE PERSONAL
Materiales especificados Sánchez, Yatxel
Mención de responsabilidad ilustraciones
700 1# - ASIENTO SECUNDARIO -- NOMBRE PERSONAL
Materiales especificados Sánchez-Vincitore, Laura V.
Mención de responsabilidad investigadora
700 1# - ASIENTO SECUNDARIO -- NOMBRE PERSONAL
Materiales especificados Veras, Cledenin
Mención de responsabilidad investigador pedagógico
910 ## - VALIDACIÓN
Validación VMateo V. Control de calidad. BPMSU
942 ## - ADDED ENTRY ELEMENTS (KOHA)
Source of classification or shelving scheme Dewey Decimal Classification
Koha item type Libros
Existencias
Withdrawn status Lost status Source of classification or shelving scheme Damaged status Not for loan Collection code Home library Current library Date acquired Total Checkouts Full call number Barcode Date last seen Price effective from Koha item type Copy number
    Dewey Decimal Classification     Colección Infantil Dominicana Biblioteca Pública Metropolitana Salomé Ureña Biblioteca Pública Metropolitana Salomé Ureña 12/14/2023   BPMSU CDI RD863.5 S237u 2018 BPMSU23120057 12/14/2023 12/14/2023 Libros  
    Dewey Decimal Classification     Colección Infantil Dominicana Biblioteca Pública Metropolitana Salomé Ureña Biblioteca Pública Metropolitana Salomé Ureña 12/14/2023   BPMSU CDI RD863.5 S237u 2018 BPMSU23120058 12/14/2023 12/14/2023 Libros e.2
    Dewey Decimal Classification     Colección Infantil Dominicana Biblioteca Pública Metropolitana Salomé Ureña Biblioteca Pública Metropolitana Salomé Ureña 12/14/2023   BPMSU CDI RD863.5 S237u 2018 BPMSU23120059 12/14/2023 12/14/2023 Libros e.3